| Tag |
First Indicator |
Second Indicator |
Subfields |
| LEADER |
00000cam a2200000 a 4500 |
| 001 |
in00000017907 |
| 005 |
20151007053108.0 |
| 008 |
871014s1988 ncu b 00100 eng |
| 010 |
|
|
|a 87030371
|
| 020 |
|
|
|a 0822307812 (alk. paper) :
|c $57.50 (est.)
|
| 020 |
|
|
|a 082230788X (pbk.) :
|c $19.95 (est.)
|
| 035 |
|
|
|a (OCoLC)16923212
|
| 035 |
|
|
|9 AAB0385AM
|
| 040 |
|
|
|a DLC
|c DLC
|d TXA
|d UtOrBLW
|
| 043 |
|
|
|a aw-----
|
| 049 |
|
|
|a TXAM
|c [A11467602]
|
| 050 |
0 |
0 |
|a DS63.1
|b .I28 1988
|
| 082 |
0 |
|
|a 956/.04
|2 19
|
| 245 |
0 |
0 |
|a Ideology and power in the Middle East :
|b studies in honor of George Lenczowski /
|c edited by Peter J. Chelkowski and Robert J. Pranger.
|
| 264 |
|
1 |
|a Durham :
|b Duke University Press,
|c 1988.
|
| 300 |
|
|
|a xii, 530 pages ;
|c 25 cm.
|
| 336 |
|
|
|a text
|b txt
|2 rdacontent
|
| 337 |
|
|
|a unmediated
|b n
|2 rdamedia
|
| 338 |
|
|
|a volume
|b nc
|2 rdacarrier
|
| 504 |
|
|
|a Bibliography: pages [455]-506.
|
| 500 |
|
|
|a Includes index.
|
| 651 |
|
0 |
|a Middle East
|x Politics and government
|y 1945-
|
| 600 |
1 |
0 |
|a Lenczowski, George.
|
| 700 |
1 |
|
|a Lenczowski, George.
|
| 700 |
1 |
|
|a Chelkowski, Peter J.
|
| 700 |
1 |
|
|a Pranger, Robert J.
|
| 999 |
|
|
|a MARS
|
| 999 |
f |
f |
|s c5fd45e6-3943-3674-bad1-0f42325752d6
|i 28643625-f0fb-3801-bd0c-9b8dd3704249
|t 0
|
| 952 |
f |
f |
|p ric
|a Texas A&M University
|b Rellis Campus
|c Joint Library Facility
|d Remote Storage
|t 0
|e DS63.1 .I28 1988
|h Library of Congress classification
|i unmediated -- volume
|m A14811467602
|
| 998 |
f |
f |
|a DS63.1 .I28 1988
|t 0
|l Remote Storage
|